00469 a2200181 450000100060000002000150000604000240002110000230004524000300006824500250009830000070012336200090013044000120013965000240015194200070017595200880018299900170027068955 a8516019217 cAnchieta - Itaigara aMachado, Ana Maria10aO segredo da oncinhalpor10aO segredo da oncinha a350 a1998 1aModerna 4aLiteratura infantil cBK 00104070a88.1b88.1d2023-11-21l0p812/ITAr2023-11-21 20:03:19w2023-11-21yBK c68955d68955